Ética / (Registro nro. 16746)
[ vista simple ]
| 000 -CABECERA | |
|---|---|
| campo de control de longitud fija | 00712cam a2200277 i 4500 |
| 001 - NÚMERO DE CONTROL | |
| campo de control | 16746 |
| 003 - IDENTIFICADOR DEL NÚMERO DE CONTROL | |
| campo de control | DO-SdUEMH |
| 005 - FECHA Y HORA DE LA ÚLTIMA TRANSACCIÓN | |
| campo de control | 20251230141527.0 |
| 007 - CAMPO FIJO DE DESCRIPCIÓN FÍSICA--INFORMACIÓN GENERAL | |
| campo de control de longitud fija | ta |
| 008 - DATOS DE LONGITUD FIJA--INFORMACIÓN GENERAL | |
| campo de control de longitud fija | 211105s2001 dr |||gr|||| 000 0 spa|d |
| 020 ## - NÚMERO INTERNACIONAL ESTÁNDAR DEL LIBRO | |
| Número Internacional Estándar del Libro | 8483360020 |
| 040 ## - FUENTE DE LA CATALOGACIÓN | |
| Centro catalogador/agencia de origen | DO-SdUEMH |
| Lengua de catalogación | spa |
| Normas de descripción | rda |
| 041 ## - CÓDIGO DE LENGUA | |
| Código de lengua del texto/banda sonora o título independiente | spa |
| Código de lengua original | eng |
| 082 14 - NÚMERO DE LA CLASIFICACIÓN DECIMAL DEWEY | |
| Colección | Colección General |
| Número de clasificación | 185 A716E |
| Número de documento/Ítem | A717e |
| 084 ## - OTRO NÚMERO DE CLASIFICACIÓN | |
| Item number | 11-00099 |
| 100 ## - ENTRADA PRINCIPAL--NOMBRE DE PERSONA | |
| Nombre de persona | Aristóteles |
| Término indicativo de función/relación | autor |
| 245 10 - MENCIÓN DE TÍTULO | |
| Título | Ética / |
| Mención de responsabilidad, etc. | Aristóteles ; traducción: J. Leyva |
| 260 ## - PUBLICACIÓN, DISTRIBUCIÓN, ETC. | |
| Date of publication, distribution, etc. | 2001 |
| 264 01 - PRODUCCIÓN, PUBLICACIÓN, DISTRIBUCIÓN, FABRICACIÓN Y COPYRIGHT | |
| Lugar de producción, publicación, distribución, fabricación | Madrid, España : |
| Nombre del de productor, editor, distribuidor, fabricante | ALBA, |
| Fecha de producción, publicación, distribución, fabricación o copyright | 2001 |
| 300 ## - DESCRIPCIÓN FÍSICA | |
| Extensión | 380 paginas ; |
| Dimensiones | 18 cm |
| 336 ## - TIPO DE CONTENIDO | |
| Fuente | rdacontent |
| Término de tipo de contenido | texto |
| Código de tipo de contenido | txt |
| 337 ## - TIPO DE MEDIO | |
| Fuente | rdamedia |
| Nombre del tipo de medio | sin mediación |
| Código del tipo de medio | n |
| 338 ## - TIPO DE SOPORTE | |
| Fuente | rdacarrier |
| Nombre del tipo de soporte | volumen |
| Código del tipo de soporte | nc |
| 942 ## - ELEMENTOS DE PUNTO DE ACCESO ADICIONAL (KOHA) | |
| Fuente del sistema de clasificación o colocación | Dewey Decimal Classification |
| Tipo de ítem Koha | Libro |
| Suprimir en OPAC | No |
| Estado de retiro | Estado de pérdida | Fuente del sistema de clasificación o colocación | Estado dañado | Disponibilidad para préstamo | Código de colección | Localización permanente | Ubicación/localización actual | Ubicación en estantería | Fecha de adquisición | Fuente de adquisición | Total de préstamos | Signatura topográfica completa | Código de barras | Fecha visto por última vez | Número de copia | Precio válido a partir de | Tipo de ítem Koha |
|---|---|---|---|---|---|---|---|---|---|---|---|---|---|---|---|---|---|
| Dewey Decimal Classification | Disponible para préstamo | Colección General | UNIREMHOS SEDE | UNIREMHOS SEDE | Colección General | 11/05/2021 | Donación | RD | 1100099 | 11/05/2021 | ej.1 | 11/05/2021 | Libro |




